[Event "Geraardsbergen op"]
[Site "Geraardsbergen"]
[Date "2003.08.16"]
[Round "6"]
[White "Van Nooten, Erik"]
[Black "Van Vuurde, Rob"]
[Result "0-1"]
[WhiteElo "1394"]
[BlackElo "1750"]
[PlyCount "77"]
[EventDate "2003.08.??"]
[EventType "swiss"]
[EventRounds "7"]
[EventCountry "BEL"]
[SourceTitle "EXT 2005"]
[Source "ChessBase"]
[SourceDate "2004.11.15"]
[SourceVersion "1"]
[SourceVersionDate "2004.11.15"]
[SourceQuality "1"]

1. e4 c5 2. Nf3 a6 3. d4 cxd4 4. Nxd4 Nf6 5. Nc3 e5 6. Nf3 Bb4 7. Bd2 Qc7 8. a3 Bxc3 9. Bxc3 d6 10. Bd3 0-0 11. 0-0 Nc6 12. Nd2 d5 13. Re1 d4 14. Bb4 Nxb4 15. axb4 Bd7 16. Rc1 Rfe8 17. c3 Qc6 18. Nf3 dxc3 19. bxc3 b5 20. Bc2 Qc7 21. Re3 Rac8 22. Bb3 Be6 23. Bxe6 Rxe6 24. Qc2 Rc6 25. Ne1 Rc4 26. f3 Qb6 27. Qd2 a5 28. bxa5 Qxa5 29. Rd3 Qb6+ 30. Kf1 h6 31. Nc2 Qc7 32. Ne3 Rc5 33. Nd5 Nxd5 34. exd5 Qd6 35. Rd1 f5 36. g3 e4 37. fxe4 fxe4 38. Rd4 Rxc3 39. Qf4 0-1

[Event "Geraardsbergen op"]
[Site "Geraardsbergen"]
[Date "2003.08.15"]
[Round "3"]
[White "Van Nooten, Erik"]
[Black "Vandeleene, Erik"]
[Result "1/2-1/2"]
[WhiteElo "1394"]
[BlackElo "1671"]
[PlyCount "36"]
[EventDate "2003.08.??"]
[EventType "swiss"]
[EventRounds "7"]
[EventCountry "BEL"]
[SourceTitle "EXT 2005"]
[Source "ChessBase"]
[SourceDate "2004.11.15"]
[SourceVersion "1"]
[SourceVersionDate "2004.11.15"]
[SourceQuality "1"]

1. e4 c5 2. Nf3 d6 3. d4 cxd4 4. Nxd4 Nf6 5. Nc3 g6 6. Bc4 Bg7 7. 0-0 0-0 8. Be3 Nc6 9. f3 Bd7 10. Qd2 Rc8 11. Bb3 Ne5 12. Bh6 Nc4 13. Bxc4 Rxc4 14. Bxg7 Kxg7 15. b3 Rc8 16. Nd5 e6 17. Nxf6 Qxf6 18. c4 Bc6 1/2-1/2